| 000 | 00582nam a22001937a 4500 | ||
|---|---|---|---|
| 003 | OSt | ||
| 005 | 20260116123920.0 | ||
| 008 | 260108b |||||||| |||| 00| 0 eng d | ||
| 020 | _a0415320216 | ||
| 040 |
_aLNDL _cLNDL |
||
| 041 | _aeng | ||
| 100 |
_aAdolphs , Svenja _9863008 |
||
| 245 |
_aIntroduing Electronic Text Analysis : _bA practical guide for language and literary studies / _cSvenja Adolphs |
||
| 260 |
_aLondon : _bRoutledge , _c2006 . |
||
| 300 | _a159p. | ||
| 650 |
_aDiscourse analysis data processing _9863009 |
||
| 942 |
_2CC _cGB _n0 |
||
| 999 |
_c1467289 _d1467289 |
||